[Event "POL-ch U20"]
[Site "Pokrzywna"]
[Date "2021.12.08"]
[Round "4"]
[White "Trybus, Daniel"]
[Black "Bojczewski, Mateusz"]
[Result "1-0"]
[WhiteElo "2067"]
[BlackElo "1868"]
[PlyCount "139"]
[EventDate "2021.12.06"]
[EventType "swiss"]
[EventRounds "9"]
[EventCountry "POL"]
[SourceTitle "CBM 205 Extra"]
[Source "ChessBase"]
[SourceDate "2022.01.31"]
[SourceVersion "1"]
[SourceVersionDate "2022.01.31"]
[SourceQuality "1"]

1. e4 e5 2. d4 exd4 3. Qxd4 Nc6 4. Qc4 Nf6 5. Nc3 d6 6. Bg5 Be7 7. 0-0-0 Be6 8. Qe2 Nxe4 9. Nxe4 Bxg5+ 10. Kb1 Qe7 11. Qb5 Bxa2+ 12. Kxa2 Qxe4 13. Bd3 Qxg2 14. Re1+ Kf8 15. Be4 Qg4 16. Nf3 Qe6+ 17. Kb1 Bf6 18. Bf5 a6 19. Qxb7 Rb8 20. Qxb8+ Nxb8 21. Bxe6 fxe6 22. Rxe6 Nc6 23. Re4 Kf7 24. Rc4 Ne5 25. Nxe5+ Bxe5 26. f4 d5 27. Rc5 Bxf4 28. Rxd5 g5 29. h4 Ke6 30. Ra5 g4 31. Re1+ Kd7 32. Re4 Rf8 33. Raa4 g3 34. Rxf4 g2 35. Rg4 Rf1+ 36. Ka2 g1Q 37. Rxg1 Rxg1 38. Rxa6 Rg7 39. Kb3 Rf7 40. Rh6 Kc8 41. c4 Kb7 42. Kb4 Re7 43. Kc5 Re5+ 44. Kd4 Re7 45. b4 Rg7 46. b5 Re7 47. Kd5 Rg7 48. c5 Re7 49. Kd4 Rg7 50. Ke5 Ka7 51. b6+ Kb7 52. bxc7 Rxc7 53. Kd5 Rd7+ 54. Kc4 Rf7 55. Kb5 Re7 56. Rb6+ Kc7 57. Ra6 Kb8 58. Ra4 Re6 59. Rg4 Rf6 60. Rg8+ Kc7 61. Rg7+ Kc8 62. Rxh7 Re6 63. h5 Rf6 64. h6 Rg6 65. Rh8+ Kb7 66. c6+ Kc7 67. Rh7+ Kd8 68. Kb6 Rg8 69. Rd7+ Kc8 70. h7 1-0

[Event "Rubinstein Memorial op-A 57th"]
[Site "Polanica Zdroj"]
[Date "2021.08.22"]
[Round "9"]
[White "Bojczewski, Mateusz"]
[Black "Dwilewicz, Katarzyna"]
[Result "0-1"]
[WhiteElo "1922"]
[BlackElo "2130"]
[PlyCount "58"]
[EventDate "2021.08.14"]
[EventType "swiss"]
[EventRounds "9"]
[EventCountry "POL"]
[SourceTitle "CBM 203 Extra"]
[Source "ChessBase"]
[SourceDate "2021.09.30"]
[SourceVersion "1"]
[SourceVersionDate "2021.09.30"]
[SourceQuality "1"]

1. e4 c5 2. Nf3 e6 3. d4 cxd4 4. Nxd4 Nc6 5. Nc3 Qc7 6. Be3 a6 7. Qf3 Nf6 8. 0-0-0 Ne5 9. Qg3 b5 10. a3 Bb7 11. Bxb5 Nxe4 12. Nxe4 Bxe4 13. Ba4 Rc8 14. Bf4 Qa5 15. Bb3 Nc6 16. Nxc6 Rxc6 17. Qe3 Bg6 18. Qa7 d6 19. Qa8+ Kd7 20. Rd2 Qd8 21. Qb7+ Qc7 22. Qb4 Kc8 23. Qa4 Be7 24. Rhd1 Kb8 25. c3 Rc8 26. c4 Rxc4+ 27. Bxc4 Qxc4+ 28. Rc2 Qxc2+ 29. Qxc2 Rxc2+ 0-1

[Event "Rubinstein Memorial op-A 57th"]
[Site "Polanica Zdroj"]
[Date "2021.08.14"]
[Round "1"]
[White "Zochowski, Kacper"]
[Black "Bojczewski, Mateusz"]
[Result "1-0"]
[WhiteElo "2254"]
[BlackElo "1922"]
[PlyCount "75"]
[EventDate "2021.08.14"]
[EventType "swiss"]
[EventRounds "9"]
[EventCountry "POL"]
[SourceTitle "CBM 203 Extra"]
[Source "ChessBase"]
[SourceDate "2021.09.30"]
[SourceVersion "1"]
[SourceVersionDate "2021.09.30"]
[SourceQuality "1"]

1. c4 Nf6 2. g3 e6 3. Bg2 d5 4. Nf3 dxc4 5. Qa4+ Bd7 6. Qxc4 c5 7. 0-0 Bc6 8. b3 Nbd7 9. Bb2 Be7 10. d3 0-0 11. Qc2 Nd5 12. Nbd2 Bf6 13. Bxf6 N5xf6 14. Rac1 Qe7 15. Qb2 Rac8 16. Rc2 b6 17. Rfc1 Nd5 18. a3 Bb7 19. Nc4 Rfd8 20. Rd2 Nc7 21. Rcd1 Nf6 22. d4 cxd4 23. Nxd4 Bxg2 24. Kxg2 Qc5 25. e3 Nce8 26. Nf3 Rxd2 27. Rxd2 b5 28. Nce5 Nd6 29. Rd3 Nfe4 30. Nd2 f6 31. Nef3 Qc6 32. h4 Nxd2 33. Qxd2 Nf7 34. Qd1 Ne5 35. Rd6 Qxf3+ 36. Qxf3 Nxf3 37. Kxf3 Rc3 38. Rxe6 1-0

[Event "Lezajsk Merlin 1st"]
[Site "Lezajsk"]
[Date "2021.08.06"]
[Round "3"]
[White "Kuegel, Tobias"]
[Black "Bojczewski, Mateusz"]
[Result "1-0"]
[WhiteElo "2267"]
[BlackElo "1922"]
[PlyCount "63"]
[EventDate "2021.08.04"]
[EventType "swiss"]
[EventRounds "9"]
[EventCountry "POL"]
[SourceTitle "CBM 203 Extra"]
[Source "ChessBase"]
[SourceDate "2021.09.30"]
[SourceVersion "1"]
[SourceVersionDate "2021.09.30"]
[SourceQuality "1"]

1. e4 c6 2. Nc3 d5 3. Nf3 a6 4. d4 Bg4 5. h3 Bh5 6. Be2 e6 7. 0-0 Nd7 8. Re1 dxe4 9. Nxe4 Ngf6 10. Ng3 Bg6 11. Nh4 Bd6 12. Bf3 Qc7 13. Ngf5 0-0 14. Nxd6 Qxd6 15. Nxg6 hxg6 16. c4 b5 17. b3 bxc4 18. bxc4 Rfd8 19. c5 Qc7 20. Qa4 Nd5 21. Bd2 Rdc8 22. g3 N7f6 23. Rab1 Rcb8 24. Kg2 Rxb1 25. Rxb1 Rb8 26. Rxb8+ Qxb8 27. Qxc6 Qb2 28. Bg5 Qxa2 29. Bxf6 gxf6 30. Bxd5 exd5 31. Qxf6 Qc4 32. c6 1-0

[Event "Warsaw Najdorf Memorial op-A"]
[Site "Warsaw"]
[Date "2021.07.10"]
[Round "1"]
[White "Zochowski, Kacper"]
[Black "Bojczewski, Mateusz"]
[Result "1-0"]
[WhiteElo "2262"]
[BlackElo "1916"]
[PlyCount "89"]
[EventDate "2021.07.10"]
[EventType "swiss"]
[EventRounds "9"]
[EventCountry "POL"]
[SourceTitle "EXT 2022"]
[Source "ChessBase"]
[SourceDate "2021.10.06"]
[SourceVersion "1"]
[SourceVersionDate "2021.10.06"]
[SourceQuality "1"]

1. Nf3 Nf6 2. c4 e6 3. g3 d5 4. Bg2 d4 5. 0-0 c5 6. e3 dxe3 7. fxe3 Nc6 8. d4 Be7 9. Nc3 cxd4 10. exd4 0-0 11. a3 a6 12. b4 Qc7 13. Bf4 Bd6 14. Bg5 Be7 15. Qe2 Rd8 16. Rad1 h6 17. Bf4 Bd6 18. Bxd6 Rxd6 19. d5 exd5 20. Nxd5 Nxd5 21. Qe8+ Kh7 22. cxd5 Rd8 23. Qe4+ f5 24. Qh4 Ne7 25. Rfe1 Qb6+ 26. Kh1 Ng6 27. Qh5 Qf6 28. Nd4 Ne5 29. Qe2 Ng6 30. Ne6 Bxe6 31. Qxe6 Rd6 32. Qxf6 gxf6 33. Re6 Rad8 34. Rc1 Ne5 35. Re7+ Kg6 36. Rxb7 R8d7 37. Rxd7 Rxd7 38. Kg1 Kg5 39. Rc8 Rd6 40. Rg8+ Kh5 41. Bf1 Nf3+ 42. Kg2 Nd4 43. Kh3 Rb6 44. Bd3 Rd6 45. Bxf5 1-0

[Event "POL-ch U18"]
[Site "Szklarska Poreba"]
[Date "2021.03.15"]
[Round "3"]
[White "Bojczewski, Mateusz"]
[Black "Piekielny, Pawel"]
[Result "0-1"]
[WhiteElo "1920"]
[BlackElo "2121"]
[PlyCount "72"]
[EventDate "2021.03.13"]
[EventType "swiss"]
[EventRounds "9"]
[EventCountry "POL"]
[SourceTitle "CBM 201 Extra"]
[Source "ChessBase"]
[SourceDate "2021.05.31"]
[SourceVersion "1"]
[SourceVersionDate "2021.05.31"]
[SourceQuality "1"]

1. e4 c6 2. d4 d5 3. Nc3 dxe4 4. Nxe4 Bf5 5. Ng3 Bg6 6. Nh3 Nf6 7. Nf4 Nbd7 8. Bc4 e5 9. Nxg6 hxg6 10. dxe5 Nxe5 11. Qxd8+ Rxd8 12. Bb3 Bb4+ 13. Ke2 0-0 14. Be3 Neg4 15. Rad1 Rde8 16. h3 Nxe3 17. fxe3 Re5 18. Rd3 Rfe8 19. Rhd1 Bc5 20. Nf1 Bb6 21. g4 R8e7 22. Kf3 Kf8 23. a3 Ne4 24. h4 Nc5 25. Rc3 Ke8 26. Rb1 Ba5 27. Rc4 b5 28. Rd4 Bb6 29. Rd6 Ne4 30. Rd3 Nc5 31. Rd6 Ne4 32. Rd3 g5 33. h5 f5 34. gxf5 Rxf5+ 35. Kg2 Rf2+ 36. Kg1 Re2 0-1

[Event "Wroclaw op"]
[Site "Wroclaw"]
[Date "2020.08.05"]
[Round "6"]
[White "Bojczewski, Mateusz"]
[Black "Vanduyfhuys, Daria"]
[Result "1-0"]
[WhiteElo "1888"]
[BlackElo "2050"]
[PlyCount "77"]
[EventDate "2020.08.01"]
[EventType "swiss"]
[EventRounds "9"]
[EventCountry "POL"]
[SourceTitle "CBM 197 Extra"]
[Source "ChessBase"]
[SourceDate "2020.09.30"]
[SourceVersion "1"]
[SourceVersionDate "2020.09.30"]
[SourceQuality "1"]

1. e4 c5 2. Nf3 Nc6 3. d4 cxd4 4. Nxd4 Nf6 5. Nc3 e5 6. Ndb5 d6 7. Bg5 a6 8. Na3 b5 9. Bxf6 gxf6 10. Nd5 f5 11. g3 fxe4 12. Bg2 Bf5 13. 0-0 Bg7 14. Re1 0-0 15. c3 Bg6 16. Bxe4 Bxe4 17. Rxe4 f5 18. Re1 Rb8 19. Nc2 Qd7 20. f4 Qa7+ 21. Kh1 Qb7 22. Kg1 Kh8 23. a3 a5 24. Nce3 b4 25. Qh5 bxc3 26. bxc3 exf4 27. Nxf4 Ne5 28. Ned5 Rfc8 29. Qxf5 Nf3+ 30. Kg2 Nxe1+ 31. Rxe1 Re8 32. Ne6 Qb2+ 33. Kh3 Qd2 34. Ng5 Qxg5 35. Rxe8+ Rxe8 36. Qxg5 Be5 37. Nf6 Rf8 38. Nd7 Rg8 39. Nxe5 1-0

[Event "POL-ch U18"]
[Site "Szklarska Poreba"]
[Date "2020.03.11"]
[Round "5"]
[White "Golecki, Jan"]
[Black "Bojczewski, Mateusz"]
[Result "1-0"]
[WhiteElo "2172"]
[BlackElo "1788"]
[PlyCount "69"]
[EventDate "2020.03.07"]
[EventType "swiss"]
[EventRounds "8"]
[EventCountry "POL"]
[SourceTitle "CBM 195 Extra"]
[Source "ChessBase"]
[SourceDate "2020.05.31"]
[SourceVersion "1"]
[SourceVersionDate "2020.05.31"]
[SourceQuality "1"]

1. e4 c6 2. d4 d5 3. exd5 cxd5 4. Bd3 Nf6 5. c3 Nc6 6. Bf4 Bg4 7. Qb3 Qd7 8. Nd2 e6 9. Ngf3 Be7 10. 0-0 0-0 11. Rfe1 Bxf3 12. Nxf3 Na5 13. Qc2 Nc4 14. Ne5 Qc8 15. Rac1 h6 16. Qe2 Nd6 17. Bb1 Nfe4 18. Qd3 Bg5 19. Bxg5 Nxg5 20. h4 Nge4 21. f3 Nf6 22. g4 Rd8 23. g5 hxg5 24. hxg5 Nfe8 25. Kf2 Nf5 26. g6 Ned6 27. Qf1 f6 28. Bxf5 Nxf5 29. Nf7 Rf8 30. Qh3 Rxf7 31. Qh7+ Kf8 32. gxf7 Kxf7 33. Qh5+ Kf8 34. Re2 Nxd4 35. cxd4 1-0

[Event "Rubinstein Memorial-A 55th"]
[Site "Polanica Zdroj"]
[Date "2019.08.17"]
[Round "1"]
[White "Bojczewski, Mateusz"]
[Black "Marszalek, Maciej"]
[Result "0-1"]
[WhiteElo "1836"]
[BlackElo "2295"]
[PlyCount "74"]
[EventDate "2019.08.17"]
[EventType "swiss"]
[EventRounds "9"]
[EventCountry "POL"]
[SourceTitle "EXT 2020"]
[Source "ChessBase"]
[SourceDate "2019.10.17"]
[SourceVersion "1"]
[SourceVersionDate "2019.10.17"]
[SourceQuality "1"]

1. e4 c5 2. Nf3 e6 3. d4 cxd4 4. Nxd4 a6 5. c4 Qc7 6. Nc3 Nf6 7. a3 b6 8. Be3 Bb7 9. f3 Be7 10. Rc1 0-0 11. Be2 d6 12. 0-0 Nbd7 13. b4 Rac8 14. Qb3 Qb8 15. Rfd1 Bd8 16. g3 Bc7 17. Bf1 Kh8 18. Bg2 Rg8 19. Rc2 g5 20. Bc1 Rg6 21. Bb2 Kg8 22. Nde2 Qa8 23. Rcd2 Ne5 24. Nb1 b5 25. cxb5 axb5 26. Bxe5 dxe5 27. Nbc3 Bc6 28. Ra2 g4 29. a4 Qa7+ 30. Kh1 gxf3 31. Bxf3 Qe3 32. Rf1 Nxe4 33. Kg2 Nd2 34. Rxd2 Bxf3+ 35. Rxf3 Qxd2 36. axb5 Bb6 37. Rf1 Rxc3 0-1

[Event "POL-chT blind"]
[Site "Wagrowiec"]
[Date "2017.10.18"]
[Round "5.15"]
[White "Bojczewski, Mateusz"]
[Black "Malcer, Joanna"]
[Result "1-0"]
[WhiteElo "1537"]
[BlackElo "1611"]
[PlyCount "99"]
[EventDate "2017.10.14"]
[EventType "team-tourn"]
[EventRounds "9"]
[EventCountry "POL"]
[SourceTitle "EXT 2019"]
[Source "ChessBase"]
[SourceDate "2018.10.10"]
[SourceVersion "1"]
[SourceVersionDate "2018.10.10"]
[SourceQuality "1"]

1. d4 d5 2. c4 e6 3. g3 c6 4. Bg2 Nf6 5. Nc3 Be7 6. Nf3 0-0 7. 0-0 Nbd7 8. b3 c5 9. cxd5 Nxd5 10. Nxd5 exd5 11. dxc5 Nxc5 12. Bb2 Be6 13. Nd4 Bf6 14. Nxe6 fxe6 15. Bd4 Bxd4 16. Qxd4 b6 17. b4 Na6 18. e4 Nc7 19. Rfd1 Qf6 20. Qxf6 Rxf6 21. exd5 exd5 22. Bxd5+ Nxd5 23. Rxd5 Raf8 24. f4 Rc6 25. Rad1 Rc2 26. R1d2 Rc4 27. a3 Rc3 28. R5d3 Rc7 29. Rd7 Rfc8 30. Kf2 Kf8 31. Ke3 Ke8 32. Rxc7 Rxc7 33. g4 Rc3+ 34. Rd3 Rc2 35. h4 Rc4 36. Rb3 b5 37. Rd3 Ke7 38. Rd5 a6 39. Rc5 Rxc5 40. bxc5 a5 41. Kd4 Ke6 42. f5+ Kd7 43. g5 a4 44. f6 gxf6 45. gxf6 b4 46. axb4 a3 47. Kc3 a2 48. Kb2 a1Q+ 49. Kxa1 Ke6 50. c6 1-0

[Event "Lublin Chmielewski Memorial-B"]
[Site "Lublin"]
[Date "2013.12.28"]
[Round "5"]
[White "Bojczewski, Mateusz"]
[Black "Bojczewski, Grzegorz"]
[Result "1-0"]
[WhiteElo "1400"]
[BlackElo "1600"]
[PlyCount "93"]
[EventDate "2013.12.27"]
[EventType "swiss"]
[EventRounds "7"]
[EventCountry "POL"]
[SourceTitle "CBM 158 Extra"]
[Source "ChessBase"]
[SourceDate "2014.02.28"]
[SourceVersion "1"]
[SourceVersionDate "2014.02.28"]
[SourceQuality "1"]

1. e4 e5 2. Nf3 Nc6 3. Bc4 Nf6 4. Nc3 Bb4 5. d3 h6 6. Be3 d6 7. h3 0-0 8. 0-0 Ba5 9. Qe2 Ne7 10. d4 exd4 11. Bxd4 Ng6 12. Rad1 c6 13. e5 Nd7 14. e6 fxe6 15. Qxe6+ Kh8 16. Qxg6 Nf6 17. Bd3 Kg8 18. Rde1 c5 19. Bxf6 Rxf6 20. Qh7+ Kf7 21. Bc4+ Be6 22. Bxe6+ Rxe6 23. Qf5+ Rf6 24. Qh5+ Kg8 25. Qd5+ Kh8 26. Qxb7 Bxc3 27. bxc3 Qf8 28. Qe7 Rg6 29. Qxf8+ Rxf8 30. Re7 Rxf3 31. Re6 Rxe6 32. gxf3 Re2 33. Rc1 Kh7 34. Kf1 Re5 35. Kg2 Kg6 36. Kg3 Rg5+ 37. Kf4 d5 38. Rb1 Rf5+ 39. Ke3 d4+ 40. cxd4 cxd4+ 41. Ke4 Rh5 42. Rh1 Kf6 43. Kxd4 Rf5 44. Ke4 Kg5 45. Rg1+ Kf6 46. Rg4 Rb5 47. c3 1-0

[Event "Lublin Chmielewski Memorial-B"]
[Site "Lublin"]
[Date "2013.12.28"]
[Round "4"]
[White "Fraczek, Weronika"]
[Black "Bojczewski, Mateusz"]
[Result "1-0"]
[WhiteElo "1562"]
[BlackElo "1400"]
[PlyCount "63"]
[EventDate "2013.12.27"]
[EventType "swiss"]
[EventRounds "7"]
[EventCountry "POL"]
[SourceTitle "CBM 158 Extra"]
[Source "ChessBase"]
[SourceDate "2014.02.28"]
[SourceVersion "1"]
[SourceVersionDate "2014.02.28"]
[SourceQuality "1"]

1. e4 e5 2. Nf3 Nc6 3. Bb5 Bc5 4. 0-0 d6 5. c3 Nf6 6. d4 exd4 7. cxd4 Bb4 8. a3 Ba5 9. b4 Bb6 10. d5 0-0 11. dxc6 Rb8 12. Nc3 a6 13. Ba4 Bg4 14. h3 Bh5 15. cxb7 Rxb7 16. Bc6 Rb8 17. Bg5 h6 18. Bh4 Bg6 19. Nd5 Bxe4 20. Nxf6+ gxf6 21. Bxe4 Re8 22. Bc6 Re6 23. Bd5 Re8 24. Qd2 Kg7 25. Qf4 Qd7 26. Bxf6+ Kg6 27. Be4+ Rxe4 28. Nh4+ Kh7 29. Qxe4+ Kg8 30. Nf5 Re8 31. Nxh6+ Kf8 32. Qh7 1-0